[Event "euyr2018"]
[Site "?"]
[Date "2018.05.26"]
[Round "5.24"]
[White "Blaha, Lukas"]
[Black "Kostelansky, Karol"]
[Result "1/2-1/2"]
[BlackElo "1311"]
[WhiteElo "1603"]
[LiveChessVersion "1.4.8"]

1. e4 {[%clk 0:20:14]} c6 {[%clk 0:20:19]} 2. d4 {[%clk 0:20:19]} d5
{[%clk 0:20:27]} 3. Nc3 {[%clk 0:20:13]} dxe4 {[%clk 0:20:33]} 4. Nxe4
{[%clk 0:20:19]} Bf5 {[%clk 0:20:41]} 5. Ng3 {[%clk 0:20:00]} Bg6
{[%clk 0:20:48]} 6. Nf3 {[%clk 0:20:07]} e6 {[%clk 0:20:46]} 7. Bd3
{[%clk 0:20:01]} Bxd3 {[%clk 0:20:39]} 8. Qxd3 {[%clk 0:20:04]} Nf6
{[%clk 0:20:43]} 9. Bg5 {[%clk 0:20:07]} Nbd7 {[%clk 0:20:44]} 10. Qc3
{[%clk 0:19:42]} Qb6 {[%clk 0:19:09]} 11. O-O Be7 {[%clk 0:18:25]} 12. b3
{[%clk 0:17:59]} Nd5 {[%clk 0:17:04]} 13. Qd3 {[%clk 0:17:07]} Bxg5
{[%clk 0:13:32]} 14. Nxg5 {[%clk 0:17:07]} h6 {[%clk 0:13:39]} 15. N5e4
{[%clk 0:17:02]} O-O {[%clk 0:12:26]} 16. Nh5 {[%clk 0:14:18]} f5
{[%clk 0:07:30]} 17. Nd6 {[%clk 0:13:26]} g6 {[%clk 0:06:51]} 18. Qg3
{[%clk 0:11:25]} Kh7 {[%clk 0:06:02]} 19. Nf4 {[%clk 0:11:23]} Nxf4
{[%clk 0:06:09]} 20. Qxf4 {[%clk 0:11:31]} g5 {[%clk 0:05:50]} 21. Qe3
{[%clk 0:11:17]} Rf6 {[%clk 0:03:12]} 22. Rfe1 {[%clk 0:10:41]} Qc7
{[%clk 0:02:42]} 23. Nc4 {[%clk 0:10:35]} Nb6 {[%clk 0:02:22]} 24. Ne5
{[%clk 0:10:20]} Nd5 {[%clk 0:02:23]} 25. Qd2 {[%clk 0:10:02]} Rd8
{[%clk 0:02:29]} 26. Rad1 {[%clk 0:09:41]} 1/2-1/2